[Event "Liga Insular Gran Canaria Final4"]
[Site "Las Palmas"]
[Date "2019.06.09"]
[Round "2.2"]
[White "Monzon Aleman, Ayoze"]
[Black "Manchon Santana, Alberto"]
[Result "0-1"]
[WhiteElo "1684"]
[BlackElo "2039"]
[PlyCount "54"]
[EventDate "2019.06.08"]
[EventType "team-k.o."]
[EventRounds "2"]
[EventCountry "ESP"]
[SourceTitle "EXT 2021"]
[Source "ChessBase"]
[SourceDate "2020.10.23"]
[SourceVersion "1"]
[SourceVersionDate "2020.10.23"]
[SourceQuality "1"]
[WhiteTeam "Grandama"]
[BlackTeam "Fundacion La Caja de Canarias"]
[WhiteTeamCountry "ESP"]
[BlackTeamCountry "ESP"]

1. e4 c5 2. Nc3 Nc6 3. Nf3 g6 4. d4 cxd4 5. Nxd4 Bg7 6. Be3 d6 7. Be2 Nf6 8. 0-0 0-0 9. f4 Nxd4 10. Bxd4 Bd7 11. e5 Ne8 12. Qd2 Bc6 13. Rad1 Qa5 14. Qe3 b5 15. b4 Qxb4 16. Bxa7 Rxa7 17. Qxa7 Qxc3 18. Bf3 Bxf3 19. Rxf3 Qxc2 20. Rfd3 dxe5 21. fxe5 Bxe5 22. Qxe7 Qe2 23. Kh1 Ng7 24. Rd8 Ne6 25. R8d5 Rc8 26. Rd7 Qf2 27. R7d2 Qxd2 0-1

[Event "Las Palmas Insular-chT Primera-B 1617"]
[Site "Las Palmas"]
[Date "2016.12.17"]
[Round "7.4"]
[White "Monzon Aleman, Ayoze"]
[Black "Sanchez Gonzalez, Jesus German"]
[Result "1-0"]
[WhiteElo "1717"]
[BlackElo "1571"]
[PlyCount "145"]
[EventDate "2016.10.22"]
[EventType "team-tourn"]
[EventRounds "14"]
[EventCountry "ESP"]
[SourceTitle "EXT 2018"]
[Source "ChessBase"]
[SourceDate "2017.10.13"]
[SourceVersion "1"]
[SourceVersionDate "2017.10.13"]
[SourceQuality "1"]
[WhiteTeam "Grandama II"]
[BlackTeam "Hotel Avda de Canarias II"]
[WhiteTeamCountry "ESP"]
[BlackTeamCountry "ESP"]

1. e4 e6 2. d4 d5 3. exd5 exd5 4. Nf3 Bg4 5. Be2 Nf6 6. 0-0 Be7 7. h3 Bh5 8. Bf4 Nbd7 9. Re1 0-0 10. Nbd2 Re8 11. c3 Nf8 12. Qc2 Ne6 13. Bh2 Bd6 14. Ne5 Bxe2 15. Rxe2 c6 16. Rae1 Qc7 17. Ndf3 Ne4 18. c4 Nxd4 19. Nxd4 Bxe5 20. Bxe5 Qxe5 21. Qd3 Qd6 22. cxd5 cxd5 23. Nb5 Qd7 24. Rxe4 Rec8 25. Nc3 Rd8 26. Qxd5 Qxd5 27. Nxd5 Kf8 28. Nc3 Rd2 29. R1e2 Rd7 30. f3 Rad8 31. Kf2 f6 32. R4e3 Kf7 33. Ne4 b6 34. f4 h6 35. g4 Rd4 36. Kf3 R8d7 37. Ng3 g6 38. f5 Rd1 39. fxg6+ Kxg6 40. Kf2 Ra1 41. a3 Rc1 42. Nf5 h5 43. Ne7+ Kg5 44. gxh5 Kxh5 45. Rf3 Rdd1 46. Ke3 Rc7 47. Kf2 Rcc1 48. Rf5+ Kh6 49. Rxf6+ Kg7 50. Rf3 Rf1+ 51. Kg3 Rg1+ 52. Rg2 Rxg2+ 53. Kxg2 Rc2+ 54. Rf2 Rc7 55. Nd5 Rd7 56. Ne3 Rd3 57. Kf3 Rb3 58. Ke4 Rb5 59. h4 Rc5 60. Rf5 Rc1 61. Kd5 Re1 62. Nc4 Rd1+ 63. Kc6 Rd4 64. b3 Rxh4 65. Kb7 Kg6 66. Rf3 Rh7+ 67. Ka6 Rc7 68. a4 Kg7 69. Na3 Re7 70. Nb5 Rd7 71. Nxa7 Rd6 72. Nc8 Re6 73. Nxb6 1-0

[Event "Canarias-chT"]
[Site "Vecindario"]
[Date "2015.06.11"]
[Round "1.2"]
[White "Monzon Aleman, Ayoze"]
[Black "Cruz Pino, Adrian"]
[Result "0-1"]
[WhiteElo "1687"]
[BlackElo "2025"]
[PlyCount "68"]
[EventDate "2015.06.11"]
[EventType "team-swiss"]
[EventRounds "6"]
[EventCountry "ESP"]
[SourceTitle "EXT 2024"]
[Source "ChessBase"]
[SourceDate "2023.10.10"]
[SourceVersion "1"]
[SourceVersionDate "2023.10.10"]
[SourceQuality "1"]
[WhiteTeam "Grandama Santa Lucia"]
[BlackTeam "Anand"]
[WhiteTeamCountry "ESP"]
[BlackTeamCountry "ESP"]

1. e4 c5 2. Nf3 d6 3. h3 Nf6 4. Nc3 a6 5. d4 cxd4 6. Nxd4 e6 7. Bd3 Nbd7 8. Nb3 b5 9. Bd2 Bb7 10. a3 Rc8 11. 0-0 Be7 12. Qe2 Qc7 13. f4 g6 14. Be1 0-0 15. Kh1 Rfe8 16. Qf2 Ba8 17. Bd2 d5 18. exd5 Nxd5 19. Ne4 N7f6 20. Ng5 Bf8 21. Rae1 Bg7 22. c3 Nb6 23. Nd4 Na4 24. Bc1 Nc5 25. Bc2 h6 26. Ngf3 Nfe4 27. Qh4 Bf6 28. Qxh6 Ng3+ 29. Kg1 Nxf1 30. Rxf1 Bg7 31. Qh4 Ne4 32. Ng5 Bxd4+ 33. cxd4 Nxg5 34. fxg5 Qxc2 0-1

[Event "Las Palmas Insular-chT 1a 1314"]
[Site "Las Palmas"]
[Date "2014.03.29"]
[Round "13.3"]
[White "Monzon Aleman, Ayoze"]
[Black "Caritg Creus, Carlos"]
[Result "1/2-1/2"]
[WhiteElo "1740"]
[BlackElo "1655"]
[PlyCount "116"]
[EventDate "2013.11.09"]
[EventType "team-tourn"]
[EventRounds "14"]
[EventCountry "ESP"]
[SourceTitle "EXT 2015"]
[Source "ChessBase"]
[SourceDate "2014.11.20"]
[SourceVersion "1"]
[SourceVersionDate "2014.11.20"]
[SourceQuality "1"]
[WhiteTeam "Maspalomas  II"]
[BlackTeam "Villa de Teror  II"]
[WhiteTeamCountry "ESP"]
[BlackTeamCountry "ESP"]

1. e4 e5 2. Nf3 Nc6 3. d4 exd4 4. Nxd4 Qh4 5. Qd3 Nf6 6. Nd2 Ne5 7. Qg3 Qxg3 8. hxg3 Bc5 9. c3 d5 10. exd5 Nxd5 11. N2b3 Bxd4 12. Nxd4 c6 13. Bf4 Ng6 14. Bd6 Bd7 15. a4 0-0-0 16. Bd3 Rhe8+ 17. Kd2 Nf6 18. Rae1 h6 19. Rxe8 Rxe8 20. Re1 Kd8 21. Nf5 Rxe1 22. Kxe1 Ne8 23. Bb8 a6 24. Nd6 Nxd6 25. Bxd6 Ne7 26. Kd2 Be6 27. c4 Kd7 28. Bb4 b6 29. a5 bxa5 30. Bxa5 c5 31. Bc3 g6 32. b4 cxb4 33. Bxb4 Nc6 34. Bc3 Kd6 35. Bg7 h5 36. Bf8+ Kc7 37. Be2 Kb6 38. c5+ Ka5 39. Bf3 Nd4 40. Bb7 Kb5 41. Kc3 Nc6 42. f3 a5 43. Bd6 Bd5 44. Bf8 Ka4 45. Ba6 Nd8 46. Be7 Ne6 47. Bc4 Bc6 48. Bxe6 fxe6 49. Kd4 Kb5 50. Ke5 g5 51. Bxg5 Kxc5 52. Be7+ Kc4 53. Kxe6 Kd4 54. Kf5 Bb5 55. g4 Bd7+ 56. Kf4 hxg4 57. fxg4 Kd5 58. Bd8 Ke6 1/2-1/2

[Event "Las Palmas Insular-chT Primera-A"]
[Site "Las Palmas"]
[Date "2014.02.01"]
[Round "8.3"]
[White "Monzon Aleman, Ayoze"]
[Black "Cobo Mazorra, Alejandro"]
[Result "0-1"]
[WhiteElo "1740"]
[BlackElo "1720"]
[PlyCount "140"]
[EventDate "2013.11.09"]
[EventType "team-tourn"]
[EventRounds "14"]
[EventCountry "ESP"]
[SourceTitle "EXT 2015"]
[Source "ChessBase"]
[SourceDate "2014.11.20"]
[SourceVersion "1"]
[SourceVersionDate "2014.11.20"]
[SourceQuality "1"]
[WhiteTeam "Maspalomas "]
[BlackTeam "San Mateo "]
[WhiteTeamCountry "ESP"]
[BlackTeamCountry "ESP"]

1. e4 g6 2. d4 Bg7 3. Nf3 c5 4. c3 cxd4 5. cxd4 e6 6. Nc3 Ne7 7. Be2 d5 8. 0-0 dxe4 9. Nxe4 h6 10. Be3 0-0 11. Qd2 Nf5 12. Rac1 Nc6 13. Rfd1 Nce7 14. Ng3 b6 15. Nxf5 Nxf5 16. Bf4 Bb7 17. Rc2 Rc8 18. Rxc8 Qxc8 19. g4 Bxf3 20. gxf5 Bxe2 21. Qxe2 exf5 22. d5 Qd7 23. b3 Rd8 24. Qc4 Rc8 25. Qe2 g5 26. Bc1 f4 27. Ba3 Rc3 28. Bb2 f3 29. Qf1 Rc2 30. Bxg7 Qg4+ 31. Kh1 Kxg7 32. d6 Qd7 33. Qd3 Rc6 34. Qe4 f6 35. Qxf3 Rxd6 36. Rxd6 Qxd6 37. Qb7+ Kg6 38. Qxa7 h5 39. Qb7 h4 40. Qf3 Qe5 41. h3 Qa1+ 42. Kg2 Qxa2 43. Qe4+ Kh6 44. Qe6 Qa5 45. Qxf6+ Kh7 46. Qf7+ Kh6 47. Kf3 Qc3+ 48. Kg4 Qd4+ 49. Kf3 Qd3+ 50. Kg2 Qe4+ 51. Kg1 Qc6 52. Qf8+ Kg6 53. Qg8+ Kf5 54. Qf7+ Ke4 55. Qe7+ Kf5 56. Qf7+ Qf6 57. Qxf6+ Kxf6 58. Kg2 Kf5 59. Kf3 b5 60. b4 g4+ 61. hxg4+ Kg5 62. Kg2 Kxg4 63. Kh2 Kf3 64. Kh3 Kxf2 65. Kxh4 Ke3 66. Kg3 Ke2 67. Kg2 Kd2 68. Kf1 Kc3 69. Ke2 Kxb4 70. Kd2 Kb3 0-1

[Event "Las Palmas Insular-chT Primera-A"]
[Site "Las Palmas"]
[Date "2013.12.14"]
[Round "4.3"]
[White "Monzon Aleman, Ayoze"]
[Black "Quevedo Sarmiento, Jacinto"]
[Result "0-1"]
[WhiteElo "1740"]
[BlackElo "1579"]
[PlyCount "52"]
[EventDate "2013.11.09"]
[EventType "team-tourn"]
[EventRounds "14"]
[EventCountry "ESP"]
[SourceTitle "EXT 2015"]
[Source "ChessBase"]
[SourceDate "2014.11.20"]
[SourceVersion "1"]
[SourceVersionDate "2014.11.20"]
[SourceQuality "1"]
[WhiteTeam "Maspalomas "]
[BlackTeam "Anand "]
[WhiteTeamCountry "ESP"]
[BlackTeamCountry "ESP"]

1. e4 c5 2. Nf3 Nc6 3. Nc3 d6 4. d4 cxd4 5. Nxd4 Nf6 6. Be2 e5 7. Nxc6 bxc6 8. 0-0 Be7 9. Kh1 0-0 10. f4 exf4 11. Bxf4 Be6 12. Qe1 d5 13. Qg3 Kh8 14. Rad1 Qb6 15. e5 Ne4 16. Nxe4 dxe4 17. b3 Rad8 18. c4 Rxd1 19. Bxd1 Rd8 20. Bc2 Qa5 21. Bxe4 c5 22. h4 Rd4 23. Bg5 Bxg5 24. Qxg5 Rxe4 25. Qe7 h6 26. h5 Rd4 0-1

[Event "ESP-ch 77th"]
[Site "San Agustin"]
[Date "2012.09.29"]
[Round "1"]
[White "Monzon Aleman, Ayoze"]
[Black "Garrido Dominguez, Jesus"]
[Result "0-1"]
[WhiteElo "1727"]
[BlackElo "2396"]
[PlyCount "88"]
[EventDate "2012.09.29"]
[EventType "swiss"]
[EventRounds "9"]
[EventCountry "ESP"]
[SourceTitle "EXT 2014"]
[Source "ChessBase"]
[SourceDate "2013.11.20"]
[SourceVersion "1"]
[SourceVersionDate "2013.11.20"]
[SourceQuality "1"]

1. e4 d6 2. d4 Nf6 3. Nc3 e5 4. dxe5 dxe5 5. Qxd8+ Kxd8 6. Bg5 Be7 7. 0-0-0+ Nbd7 8. Bc4 Rf8 9. Nge2 Ne8 10. Bxe7+ Kxe7 11. Nd5+ Kd8 12. Nec3 c6 13. Ne3 g6 14. Rd2 Nc7 15. Ng4 Ke7 16. Be2 f6 17. Rhd1 Nc5 18. b4 N5e6 19. f3 b5 20. Bf1 Nd4 21. Ne2 Bxg4 22. Nxd4 exd4 23. fxg4 Ne6 24. c3 d3 25. Rxd3 Rfd8 26. Rxd8 Nxd8 27. c4 a6 28. Kb2 Nf7 29. c5 a5 30. a3 axb4 31. axb4 Ke6 32. Be2 Ra7 33. Bf3 Ke5 34. Kb3 Kf4 35. Kb2 Ne5 36. Rd8 Ke3 37. Rf8 Nd3+ 38. Kb1 Ra4 39. Rxf6 Rxb4+ 40. Ka2 Kd2 41. Rd6 Kc3 42. Bd1 Rxe4 43. Rd7 Re1 44. Bf3 Nb4+ 0-1

[Event "Maspalomas-B 5th"]
[Site "Maspalomas"]
[Date "2012.08.26"]
[Round "4.1"]
[White "Jimenez Mendoza, Jose Miguel"]
[Black "Monzon Aleman, Ayoze"]
[Result "1/2-1/2"]
[WhiteElo "1755"]
[BlackElo "1727"]
[PlyCount "41"]
[EventDate "2012.08.24"]
[EventType "swiss"]
[EventRounds "5"]
[EventCountry "ESP"]
[SourceTitle "EXT 2024"]
[Source "ChessBase"]
[SourceDate "2023.10.10"]
[SourceVersion "1"]
[SourceVersionDate "2023.10.10"]
[SourceQuality "1"]

1. e4 e5 2. Nf3 Nc6 3. Bb5 Nf6 4. 0-0 Be7 5. Re1 d6 6. h3 0-0 7. c3 a6 8. Ba4 b5 9. Bc2 Na5 10. d4 exd4 11. cxd4 Bb7 12. Bg5 c5 13. dxc5 dxc5 14. Qxd8 Raxd8 15. Nc3 Nc6 16. Rad1 b4 17. Nd5 h6 18. Nxe7+ Nxe7 19. Bxf6 gxf6 20. Nh4 Ng6 21. Nf5 1/2-1/2

[Event "Maspalomas-B 5th"]
[Site "Maspalomas"]
[Date "2012.08.26"]
[Round "5.4"]
[White "Monzon Aleman, Ayoze"]
[Black "Perez Hernandez, Juan Manuel"]
[Result "1-0"]
[WhiteElo "1727"]
[BlackElo "1623"]
[PlyCount "39"]
[EventDate "2012.08.24"]
[EventType "swiss"]
[EventRounds "5"]
[EventCountry "ESP"]
[SourceTitle "EXT 2024"]
[Source "ChessBase"]
[SourceDate "2023.10.10"]
[SourceVersion "1"]
[SourceVersionDate "2023.10.10"]
[SourceQuality "1"]

1. e4 e5 2. Nf3 d6 3. Bc4 Nc6 4. Nc3 a6 5. a3 Nf6 6. d4 Bd7 7. Bg5 b5 8. Bd5 Be7 9. Bxc6 Bxc6 10. d5 Bb7 11. Qd2 0-0 12. h4 h6 13. Bxf6 Bxf6 14. g4 c6 15. g5 hxg5 16. hxg5 Be7 17. 0-0-0 b4 18. Rh2 Qb6 19. Rdh1 f6 20. g6 1-0

[Event "Las Palmas Insular-chT Pref"]
[Site "Las Palmas"]
[Date "2012.03.17"]
[Round "13.3"]
[White "Monzon Aleman, Ayoze"]
[Black "Alvarado Diaz, Alejandro"]
[Result "1/2-1/2"]
[WhiteElo "1729"]
[BlackElo "2219"]
[PlyCount "85"]
[EventDate "2011.11.12"]
[EventType "team-tourn"]
[EventRounds "14"]
[EventCountry "ESP"]
[SourceTitle "EXT 2013"]
[Source "ChessBase"]
[SourceDate "2012.11.22"]
[SourceVersion "1"]
[SourceVersionDate "2012.11.22"]
[SourceQuality "1"]
[WhiteTeam "Maspalomas"]
[BlackTeam "Canarias Vecindario"]
[WhiteTeamCountry "ESP"]
[BlackTeamCountry "ESP"]

1. e4 c5 2. Nf3 e6 3. Be2 Nc6 4. 0-0 a6 5. c3 d5 6. exd5 Qxd5 7. d4 cxd4 8. Nxd4 Nxd4 9. Qxd4 Qxd4 10. cxd4 Nf6 11. Bf4 Nd5 12. Be5 f6 13. Bg3 b5 14. Nd2 Bb7 15. Rac1 Rd8 16. Bf3 Ba8 17. Rfe1 Kf7 18. Nb3 Bb4 19. Re2 Bd6 20. Nc5 Bxc5 21. dxc5 Bc6 22. Bd6 Nb4 23. Bxc6 Nxc6 24. Rd2 g5 25. Rcd1 e5 26. Bc7 Rxd2 27. Rxd2 Nd4 28. Kf1 Ke6 29. b4 h5 30. f3 Kd5 31. Kf2 Kc4 32. a3 Kd5 33. Bb6 Rc8 34. g3 g4 35. f4 Ke4 36. Rd1 Nf3 37. Bd8 Kf5 38. Rd6 exf4 39. Rxf6+ Ke5 40. gxf4+ Ke4 41. Be7 Rh8 42. c6 Rc8 43. Bc5 1/2-1/2

[Event "Las Palmas Insular-chT Pref"]
[Site "Las Palmas"]
[Date "2012.03.03"]
[Round "11.4"]
[White "Schaber, Detlef"]
[Black "Monzon Aleman, Ayoze"]
[Result "1/2-1/2"]
[WhiteElo "1788"]
[BlackElo "1729"]
[PlyCount "73"]
[EventDate "2011.11.12"]
[EventType "team-tourn"]
[EventRounds "14"]
[EventCountry "ESP"]
[SourceTitle "EXT 2013"]
[Source "ChessBase"]
[SourceDate "2012.11.22"]
[SourceVersion "1"]
[SourceVersionDate "2012.11.22"]
[SourceQuality "1"]
[WhiteTeam "Anand Iberia"]
[BlackTeam "Maspalomas"]
[WhiteTeamCountry "ESP"]
[BlackTeamCountry "ESP"]

1. e4 c6 2. f4 d5 3. e5 Bf5 4. d4 e6 5. Bd3 Bxd3 6. Qxd3 Nd7 7. Nf3 c5 8. c3 Nh6 9. Be3 Ng4 10. 0-0 Qb6 11. Bc1 g6 12. h3 Nh6 13. g4 Be7 14. f5 Nxf5 15. gxf5 gxf5 16. Rf2 Rg8+ 17. Kf1 0-0-0 18. Bf4 Rg7 19. a4 c4 20. Qc2 Rdg8 21. Ke2 Qd8 22. a5 Bh4 23. Nxh4 Qxh4 24. a6 b6 25. Nd2 Rg2 26. Raf1 Qxf4 27. Qa4 R8g3 28. Nxc4 Qe4+ 29. Kd1 Qd3+ 30. Ke1 dxc4 31. Qc6+ Kd8 32. Rxg2 Rxg2 33. Qxg2 Qb1+ 34. Kf2 Qxb2+ 35. Kg1 Qxc3 36. Rd1 Qe3+ 37. Kh1 1/2-1/2

[Event "Las Palmas Insular-chT Pref"]
[Site "Las Palmas"]
[Date "2012.02.11"]
[Round "9.4"]
[White "Martin Ojeda, Juan Manuel"]
[Black "Monzon Aleman, Ayoze"]
[Result "1-0"]
[WhiteElo "2255"]
[BlackElo "1729"]
[PlyCount "51"]
[EventDate "2011.11.12"]
[EventType "team-tourn"]
[EventRounds "14"]
[EventCountry "ESP"]
[SourceTitle "EXT 2013"]
[Source "ChessBase"]
[SourceDate "2012.11.22"]
[SourceVersion "1"]
[SourceVersionDate "2012.11.22"]
[SourceQuality "1"]
[WhiteTeam "Canarias de Las Palmas"]
[BlackTeam "Maspalomas"]
[WhiteTeamCountry "ESP"]
[BlackTeamCountry "ESP"]

1. d4 Nf6 2. c4 e6 3. Nf3 d5 4. g3 Be7 5. Bg2 0-0 6. 0-0 dxc4 7. Qc2 Nbd7 8. Qxc4 c5 9. dxc5 Bxc5 10. Nc3 Qc7 11. Be3 Bb6 12. Qxc7 Bxc7 13. Nb5 Bb8 14. Rac1 a6 15. Nc3 Nd5 16. Nxd5 exd5 17. Bh3 f5 18. Bxf5 Rxf5 19. Rxc8+ Rf8 20. Rxf8+ Kxf8 21. Rd1 Nf6 22. Bd4 Nd7 23. Ng5 Nf6 24. Ne6+ Kg8 25. Bxf6 gxf6 26. Rxd5 1-0

[Event "Las Palmas Insular-chT Pref"]
[Site "Las Palmas"]
[Date "2012.01.28"]
[Round "7.4"]
[White "Sanchez Montesdeoca, Isaac"]
[Black "Monzon Aleman, Ayoze"]
[Result "1-0"]
[WhiteElo "1791"]
[BlackElo "1729"]
[PlyCount "47"]
[EventDate "2011.11.12"]
[EventType "team-tourn"]
[EventRounds "14"]
[EventCountry "ESP"]
[SourceTitle "EXT 2013"]
[Source "ChessBase"]
[SourceDate "2012.11.22"]
[SourceVersion "1"]
[SourceVersionDate "2012.11.22"]
[SourceQuality "1"]
[WhiteTeam "Piscolabis Oleaje San Andres"]
[BlackTeam "Maspalomas"]
[WhiteTeamCountry "ESP"]
[BlackTeamCountry "ESP"]

1. e4 e5 2. d4 exd4 3. Qxd4 Nc6 4. Qe3 d6 5. Bd2 Nf6 6. Nc3 Ng4 7. Qg3 Be7 8. h4 Bf6 9. 0-0-0 Be5 10. f4 Bd4 11. Nh3 h5 12. Bc4 Be6 13. Nd5 Qd7 14. Bb5 a6 15. Ba4 b5 16. Bb3 a5 17. a4 Rb8 18. axb5 Rxb5 19. Qd3 Rb7 20. Bc3 Bxc3 21. Qxc3 Nb4 22. Qxg7 Rf8 23. Ng5 c6 24. Nh7 1-0

[Event "Gran Canaria Cuadrangular 3rd"]
[Site "Gran Canaria"]
[Date "2010.12.11"]
[Round "2.3"]
[White "Monzon Aleman, Ayoze"]
[Black "Henriquez Garcia, David"]
[Result "0-1"]
[WhiteElo "1741"]
[BlackElo "1990"]
[PlyCount "64"]
[EventDate "2010.12.10"]
[EventType "swiss"]
[EventRounds "3"]
[EventCountry "ESP"]
[SourceTitle "EXT 2024"]
[Source "ChessBase"]
[SourceDate "2023.10.10"]
[SourceVersion "1"]
[SourceVersionDate "2023.10.10"]
[SourceQuality "1"]
[WhiteTeam "Maspalomas"]
[BlackTeam "Laguna Cotelec"]
[WhiteTeamCountry "ESP"]
[BlackTeamCountry "ESP"]

1. e4 c5 2. Nf3 Nc6 3. Nc3 d6 4. d4 cxd4 5. Nxd4 Nf6 6. Be3 e6 7. Be2 Be7 8. Qd2 0-0 9. g4 a6 10. g5 Nd7 11. f4 Nxd4 12. Bxd4 b5 13. Bd3 b4 14. Na4 e5 15. Be3 exf4 16. Bxf4 Qa5 17. b3 Ne5 18. Rf1 Bg4 19. Qe3 Nxd3+ 20. cxd3 Rac8 21. Rf2 Rc6 22. Nb2 d5 23. e5 Rfc8 24. Na4 Qb5 25. Kf1 Rc2 26. Kg1 Rxf2 27. Kxf2 Rc2+ 28. Kg3 Bh5 29. e6 Re2 30. exf7+ Kxf7 31. Qd4 Qd7 32. Be5 Rxe5 0-1

[Event "Vecindario Canarias op 4th"]
[Site "Vecindario"]
[Date "2010.07.25"]
[Round "9"]
[White "Monzon Aleman, Ayoze"]
[Black "Padilla Socorro, Jesus"]
[Result "0-1"]
[WhiteElo "1750"]
[BlackElo "1814"]
[PlyCount "60"]
[EventDate "2010.07.18"]
[EventType "swiss"]
[EventRounds "9"]
[EventCountry "ESP"]
[SourceTitle "CBM 137 Extra"]
[Source "ChessBase"]
[SourceDate "2010.09.01"]
[SourceVersion "1"]
[SourceVersionDate "2010.09.01"]
[SourceQuality "1"]

1. e4 e6 2. d4 d5 3. exd5 exd5 4. Nf3 Bd6 5. Nc3 Ne7 6. Be3 c6 7. Bd3 Bg4 8. h3 Bf5 9. Qd2 Bxd3 10. Qxd3 Nd7 11. a3 a5 12. 0-0 0-0 13. Ne2 Qc7 14. Nh4 Nf6 15. Nc3 Rfe8 16. Rae1 Nh5 17. Qd1 Nf4 18. Qg4 Neg6 19. Bxf4 Bxf4 20. Nxg6 hxg6 21. Ne2 Bd6 22. Nc3 Re7 23. Re2 Rxe2 24. Qxe2 Qb6 25. Qd3 Qxb2 26. Rb1 Qxa3 27. Rb3 Qc1+ 28. Nd1 Re8 29. Kf1 b5 30. Rc3 Bb4 0-1

[Event "Vecindario Canarias op 4th"]
[Site "Vecindario"]
[Date "2010.07.20"]
[Round "4"]
[White "Gutierrez Olivares, Daniel"]
[Black "Monzon Aleman, Ayoze"]
[Result "1-0"]
[WhiteElo "2167"]
[BlackElo "1750"]
[PlyCount "49"]
[EventDate "2010.07.18"]
[EventType "swiss"]
[EventRounds "9"]
[EventCountry "ESP"]
[SourceTitle "CBM 137 Extra"]
[Source "ChessBase"]
[SourceDate "2010.09.01"]
[SourceVersion "1"]
[SourceVersionDate "2010.09.01"]
[SourceQuality "1"]

1. e4 c6 2. d4 d5 3. f3 dxe4 4. fxe4 e5 5. Nf3 exd4 6. Bc4 h6 7. 0-0 Nf6 8. Ne5 Be6 9. Bxe6 fxe6 10. Ng6 Rg8 11. e5 Nd5 12. Qf3 Be7 13. c4 dxc3 14. Nxc3 Na6 15. Nxd5 cxd5 16. Qf7+ Kd7 17. b3 Nb4 18. Ba3 Nc6 19. Rac1 Qb6+ 20. Bc5 Qd8 21. Bxe7 Nxe7 22. Nxe7 Qb6+ 23. Kh1 Rgf8 24. Nxd5+ Rxf7 25. Nxb6+ 1-0

[Event "Vecindario Canarias op 4th"]
[Site "Vecindario"]
[Date "2010.07.19"]
[Round "3"]
[White "Monzon Aleman, Ayoze"]
[Black "Hernando Rodrigo, Jose Maria"]
[Result "1/2-1/2"]
[WhiteElo "1750"]
[BlackElo "2328"]
[PlyCount "75"]
[EventDate "2010.07.18"]
[EventType "swiss"]
[EventRounds "9"]
[EventCountry "ESP"]
[SourceTitle "CBM 137 Extra"]
[Source "ChessBase"]
[SourceDate "2010.09.01"]
[SourceVersion "1"]
[SourceVersionDate "2010.09.01"]
[SourceQuality "1"]

1. e4 d5 2. exd5 Qxd5 3. Nc3 Qa5 4. Nf3 Bg4 5. h3 Bh5 6. Be2 Nf6 7. d3 c6 8. Be3 e6 9. a3 Nbd7 10. Qd2 Nd5 11. Nxd5 Qxd2+ 12. Nxd2 cxd5 13. Bxh5 Rc8 14. Rc1 g6 15. Bf3 Bg7 16. d4 Nb6 17. Be2 0-0 18. b3 Rfd8 19. 0-0 Bf8 20. c4 dxc4 21. Nxc4 Nd5 22. Bf3 Nxe3 23. fxe3 b5 24. Ne5 Bxa3 25. Rxc8 Rxc8 26. Nxf7 Bc1 27. Nh6+ Kg7 28. Ng4 h5 29. Nf2 Bxe3 30. d5 exd5 31. Bxd5 Rc2 32. g3 Rd2 33. Be6 Kf6 34. Bg8 Kg7 35. Be6 Rd6 36. Bc8 Rd3 37. Be6 Rd6 38. Bc8 1/2-1/2

[Event "Vecindario Canarias op 4th"]
[Site "Vecindario"]
[Date "2010.07.18"]
[Round "1"]
[White "Monzon Aleman, Ayoze"]
[Black "Andres Gonzalez, Alberto"]
[Result "0-1"]
[WhiteElo "1750"]
[BlackElo "2492"]
[PlyCount "68"]
[EventDate "2010.07.18"]
[EventType "swiss"]
[EventRounds "9"]
[EventCountry "ESP"]
[SourceTitle "CBM 137 Extra"]
[Source "ChessBase"]
[SourceDate "2010.09.01"]
[SourceVersion "1"]
[SourceVersionDate "2010.09.01"]
[SourceQuality "1"]

1. e4 c5 2. Nf3 d6 3. Nc3 a6 4. b3 g6 5. Bb2 Bg7 6. Rb1 Nc6 7. Be2 e6 8. 0-0 Nge7 9. Nd5 e5 10. Nxe7 Qxe7 11. Re1 0-0 12. c3 f5 13. d3 Be6 14. Bf1 Kh8 15. Qd2 h6 16. Rbd1 Rae8 17. Qe3 Qf7 18. Bc1 g5 19. Nd2 f4 20. Qe2 g4 21. f3 h5 22. Kh1 Bf6 23. Qf2 Rg8 24. fxg4 hxg4 25. Be2 Qh7 26. g3 Ref8 27. Qg1 Rg6 28. Bf1 fxg3 29. Re2 gxh2 30. Rxh2 Bh4 31. Qg2 g3 32. Rxh4 Qxh4+ 33. Kg1 Rf2 34. Qh1 Rh2 0-1